000 00772nam a2200265Ia 4500
003 OSt
005 20220918221123.0
006 a|||||r|||| 00| 0
007 ta
008 220917b |||||||| |||| 00| 0 eng d
024 _a148,346
037 _cTextual
040 _aARTS
_cARTS
_beng
041 _2eng
_aeng
082 _aS8:(Q), L5
100 _aArgyle Michael
_917001
245 0 _aSocial psychology of religion
260 _aLondon
_bRoutledge and Kegan Paul
_c1975
300 _ax,246p.
_ccm.
490 _aInternational library of sociology ed by John Rex
650 _aSOCIAL PSYCHOLOGY
700 _a Beit-Hallahmi Benjamin
_9139162
942 _hS8:(Q), L5
_cTEXL
_2CC
999 _c271023
_d271023